| 000 | 00599nam a22001817a 4500 | ||
|---|---|---|---|
| 999 |
_c330469 _d330469 |
||
| 003 | NUST | ||
| 005 | 20170719095002.0 | ||
| 008 | 160113b xxu||||| |||| 00| 0 eng d | ||
| 040 | _cNUST | ||
| 082 |
_a891.4397 _bQAS |
||
| 100 |
_916016 _aQasmi, Atta ul Haq |
||
| 245 |
_aJurm -e zareefi _cAtta ul Haq Qasmi |
||
| 260 |
_aLahore: _bGoora Publications; _c1994. |
||
| 300 | _a400 p. | ||
| 546 | _aIn urdu | ||
| 650 |
_916017 _aUrdu Adab _xGeneral |
||
| 880 |
_6100-01\(3\r _aعطاء الحق قاسمی |
||
| 880 |
_6245-02\(3\r _aجرم ظریفی _cعطاء الحق قاسمی |
||
| 880 |
_6260-03\(3\r _aلاہور: _bنستعلیق مطبوعات _c2012 |
||
| 942 |
_2ddc _cBK |
||